Les pays ayant rejoint l'UE après 2000 - Statistiques

Statistiques générales
  • Ce quiz a été pris 71 fois
  • Le résultat moyen est 11 sur 13
Statistiques - réponses
Signature du traité Pays % Correct
2005 Roumanie
92%
2003 Hongrie
90%
2004 Slovénie
90%
2005 Croatie
89%
2005 Bulgarie
87%
2003 Lettonie
87%
2003 Lituanie
87%
2003 Pologne
87%
2003 Slovaquie
87%
2004 Estonie
84%
2003 Tchéquie
79%
2003 Malte
70%
2003 Chypre
62%
Aucun quiz correspondant
Distribution des résultats
% des personnes avec chaque résultat
Percentile par nombre de réponses
Votre historique - résultats
Vous n’avez pas pris ce quiz